MARC

LEADER 00000nam0a2200000 4500
001 319400
005 20231102003157.0
035 |a (RuTPU)RU\TPU\book\344909 
090 |a 319400 
100 |a 20160530d1949 km y0rusy50 ca 
101 0 |a rus 
102 |a RU 
105 |a a z 000zy 
200 1 |a Теория и расчет зубчатых колес  |f Всесоюзное научное инженерно-техническое общество машиностроителей ; под ред. Н. И. Колчина 
210 |a Москва  |a Ленинград  |c Машгиз  |d 1949 
215 |a 164 с.  |c ил. 
225 1 |a Труды ВНИИТОМАШ  |e Ленинградское отделение  |v Кн. 13 
606 1 |a Зубчатые колеса  |x Расчет  |2 stltpush  |3 (RuTPU)RU\TPU\subj\12036  |9 38891 
610 1 |a теория 
610 1 |a зацепления 
610 1 |a геометрические расчеты 
610 1 |a гипоидные колеса 
610 1 |a моделирование 
610 1 |a метод подобия 
610 1 |a профильные смещения 
610 1 |a корригирование 
610 1 |a зубцы колес 
610 1 |a изгиб 
610 1 |a торцевые фрезы 
675 |a 621.833.001  |v 4 
702 1 |a Колчин  |b Н. И.  |4 340 
712 0 2 |a Всесоюзное научное инженерно-техническое общество машиностроителей  |2 stltpush  |3 (RuTPU)RU\TPU\col\8521  |9 24542 
801 1 |a RU  |b 63413507  |c 20160530 
801 2 |a RU  |b 63413507  |c 20200327  |g RCR 
942 |c BK